Human resource management : (Record no. 1984)
[ view plain ]
| 000 -LEADER | |
|---|---|
| fixed length control field | 00759cam a22002292 4500 |
| 001 - CONTROL NUMBER | |
| control field | 0000002391 |
| 005 - DATE AND TIME OF LATEST TRANSACTION | |
| control field | 20151217145728.0 |
| 008 - FIXED-LENGTH DATA ELEMENTS--GENERAL INFORMATION | |
| fixed length control field | 070410s xx 000 0 eng d |
| 020 ## - INTERNATIONAL STANDARD BOOK NUMBER | |
| International Standard Book Number | 0333930029 : |
| Terms of availability | KES 925 |
| 040 ## - CATALOGING SOURCE | |
| Original cataloging agency | KABU |
| Transcribing agency | KABU |
| 050 #0 - LIBRARY OF CONGRESS CALL NUMBER | |
| Classification number | HF5549 |
| Item number | .H86 1994 |
| 245 10 - TITLE STATEMENT | |
| Title | Human resource management : |
| Remainder of title | a contemporary perspective / |
| Statement of responsibility, etc. | edited by Ian Beardwell & Len Holden. |
| 260 ## - PUBLICATION, DISTRIBUTION, ETC. (IMPRINT) | |
| Place of publication, distribution, etc. | Delhi : |
| Name of publisher, distributor, etc. | Macmillan, India, |
| Date of publication, distribution, etc. | 1994. |
| 300 ## - PHYSICAL DESCRIPTION | |
| Extent | x, 694 p. ; |
| Dimensions | 24 cm. |
| 504 ## - BIBLIOGRAPHY, ETC. NOTE | |
| Bibliography, etc | Includes bibliographical references and index. |
| 650 #0 - SUBJECT ADDED ENTRY--TOPICAL TERM | |
| Topical term or geographic name as entry element | Personnel management. |
| -- | 0000150761 |
| 700 1# - ADDED ENTRY--PERSONAL NAME | |
| Personal name | Beardwell, Ian. |
| -- | 0000151743 |
| 700 1# - ADDED ENTRY--PERSONAL NAME | |
| Personal name | Holden, Len. |
| -- | 0000151744 |
| 908 ## - PUT COMMAND PARAMETER (RLIN) | |
| Put command parameter | 070410 |
| 950 ## - LOCAL HOLDINGS (RLIN) | |
| -- | 1 |
| Withdrawn status | Lost status | Source of classification or shelving scheme | Not for loan | Home library | Current library | Date acquired | Total Checkouts | Total Renewals | Full call number | Barcode | Date last seen | Date last checked out | Price effective from | Koha item type |
|---|---|---|---|---|---|---|---|---|---|---|---|---|---|---|
| Library of Congress Classification | Kabarak, Main Campus | Kabarak, Main Campus | 17/12/2015 | 5 | 2 | HF5549 .H86 1994 | 003683 | 13/11/2024 | 31/10/2024 | 17/12/2015 | General Collection |